000 00696nam a22002417a 4500
001 11161
003 BD-RjUL
005 20211208235100.0
008 140126t1984 ii a|||| |||| 001 0 eng d
035 _a(BD-RjUL)11210
040 _aBD-RjUL
_beng
_cBD-RjUL
041 _aeng
082 0 4 _a541.39
_bMUR 1984
100 1 _aMukherji, S M
_934524
245 1 0 _aReaction mechanism in organic chemistry /
_cby S M Mukherji; S P Singh.
250 _a3rd ed.
260 _aNew Delhi :
_bMacmillan,
_c1984.
300 _axi, 553 p. :
_bill.,
_c24 cm.
504 _aIncludes index.
650 0 _aChemical reaction -- Conditions and laws of.
_930099
700 1 _aSingh, S. P.
_934525
942 _2ddc
_cBK
999 _c11161
_d11161